| 000 | 02072nam0a2200361 4500 | ||
|---|---|---|---|
| 001 | RU\NLR\BIBL_A\012933776 | ||
| 005 | 20250624232257.0 | ||
| 010 | _a978-5-02-040922-4 | ||
| 021 |
_aRU _b2022-66023 _9КН-П-5729 |
||
| 035 | _a(RuMoRGB)011235770 | ||
| 035 | _a(NLR Aleph) 012933776 | ||
| 090 |
_a12683036 _c12683036 |
||
| 100 | _a20221109d2022 |||y0rusy50 ca | ||
| 101 | 0 | _arus | |
| 102 | _aRU | ||
| 105 | _ay|||z|||000zy | ||
| 181 | 0 |
_ai _baxxe |
|
| 182 | 0 | _an | |
| 200 | 1 |
_aРазработка суперкомпьютера _eтеория и практика _eмонография _fА. Ю. Бяков |
|
| 203 |
_aТекст _bвизуальный _cнепосредственный |
||
| 210 |
_aМосква _cНаука _d2022 |
||
| 215 |
_a694, [1] с. _d22 |
||
| 300 | _aНа 13-й с. в подписи авт.: лауреат Гос. премии СССР, д-р физ.-мат. наук Бяков А. Ю. | ||
| 320 | _aБиблиогр.: с. 693-695 (65 назв.) | ||
| 330 | _aВ монографии предложены описание и обоснование научно-технических решений и результатов по проекту "Эльбрус 3-1". Для квалифицированных программистов, разработчиков операционных систем и компиляторов языков программирования, архитекторов компьютеров и тех, кто хочет ими стать или хочет глубоко овладеть технологиями программирования | ||
| 606 | 1 |
_aЭЛЬБРУС 3-1, многопроцессорные вычислительные комплексы _xПроектирование _92534362 _3RU\NLR\AUTH\6601714573 |
|
| 686 |
_a32.971 _2rubbks |
||
| 686 | 1 | _aЗ973.220.2"ЭЛЬБРУС"-02 | |
| 700 | 1 |
_aБяков _bА. Ю. _gАлександр Юрьевич |
|
| 942 | _cBOOK | ||
| 980 | _aNB | ||